00557nam a2200193Ia 450000500170000000800460001703700290006304000200009204100130011208400090012510000250013424500530015926000090021230000090022154600150023094200070024599900210025295200900027320250508153928.0008 250505s9999 xx 000 0 ger d aBooks to be hide in OPAC aFEDLbengcFEDL ager2eng qFEDL aHartmam Karl9764701 0aHumaniftifcher unterricht und bildende kunft don c1909 a84p. aWeeded out cHB c1346434d1346434 00104070aFEDLbFEDLd2025-05-08l0pEL0029882r2025-05-08 15:39:28w2025-05-08yHB